[Event "22nd EUR-ch (w)"]
[Site "Prague CZE"]
[Date "2022.08.30"]
[Round "10.52"]
[White "Petrova, Irina"]
[Black "Tashkinova, Sofiia"]
[Result "0-1"]
[WhiteElo "2127"]
[BlackElo "2011"]
[EventDate "2022.08.20"]
[PlyCount "68"]

1.e4 e6 2.d4 d5 3.Nc3 Nf6 4.Bg5 dxe4 5.Nxe4 Be7 6.Bxf6 gxf6 7.Nf3 f5 8.Nc3
Nd7 9.Qe2 c6 10.O-O-O b5 11.g3 b4 12.Nb1 Qa5 13.Bg2 Ba6 14.Qe3 Rc8 15.Ne5 
Nxe5 16.dxe5 Bc4 17.a4 Bd5 18.Bxd5 cxd5 19.b3 Rc6 20.Kb2 Qc7 21.Rc1 Bc5 
22.Qf4 Rg8 23.Rhe1 Rg4 24.Qd2 Re4 25.Rxe4 fxe4 26.Ka2 Qxe5 27.Qe2 a6 28.f4
Qd4 29.Rd1 Qf2 30.Rd2 e3 31.Qxf2 exf2 32.Rd1 Bd4 33.c3 bxc3 34.Rc1 Be3 0-1

[Event "22nd EUR-ch (w)"]
[Site "Prague CZE"]
[Date "2022.08.30"]
[Round "10.54"]
[White "Trasakova, Adela"]
[Black "Spanko, Nadia"]
[Result "0-1"]
[WhiteElo "1862"]
[BlackElo "2136"]
[EventDate "2022.08.20"]
[PlyCount "90"]

1.d4 d5 2.Nf3 Nf6 3.g3 Bf5 4.Bg2 h6 5.c4 e6 6.Nc3 c6 7.Qb3 Qb6 8.c5 Qxb3 
9.axb3 Be7 10.b4 O-O 11.b5 cxb5 12.Nxb5 Nc6 13.O-O Ne4 14.h3 Bf6 15.Rd1 g5
16.g4 Bh7 17.e3 b6 18.Ne1 Be7 19.f3 Nf6 20.cxb6 axb6 21.Bd2 Na5 22.Bxa5 
bxa5 23.Bf1 Rfb8 24.Rdc1 Ne8 25.Rc6 Rb7 26.Rac1 Kg7 27.Nc2 Rab8 28.Nca3 
Bb4 29.Nc3 Nd6 30.Ba6 Rd7 31.Nd1 Bg6 32.Kf2 h5 33.Kg2 hxg4 34.hxg4 Bd2 35.
R1c5 Rb3 36.Nb5 Nc4 37.Bc8 Re7 38.Nbc3 Bxc3 39.bxc3 Rb1 40.Nf2 Nxe3+ 41.
Kh2 Re8 42.Nh3 Rb2+ 43.Kg1 Rh8 44.Bxe6 Rg2+ 45.Kh1 Rxh3# 0-1

[Event "22nd EUR-ch (w)"]
[Site "Prague CZE"]
[Date "2022.08.30"]
[Round "10.55"]
[White "Dwilewicz, Katarzyna"]
[Black "Katter, Katharina"]
[Result "1-0"]
[WhiteElo "2131"]
[BlackElo "1960"]
[EventDate "2022.08.20"]
[PlyCount "71"]

1.e4 c5 2.Ne2 d6 3.g3 e5 4.Bg2 g6 5.c3 Bg7 6.d4 cxd4 7.cxd4 Nd7 8.Nbc3 Ne7
9.O-O O-O 10.Be3 Nb6 11.b3 d5 12.dxe5 dxe4 13.Nxe4 Bxe5 14.Rc1 Nf5 15.Qxd8
Rxd8 16.Bg5 Re8 17.Rfe1 Nd7 18.N2c3 h6 19.Nf6+ Kf8 20.Nxe8 hxg5 21.Nd5 Nd4
22.Nec7 Rb8 23.f4 gxf4 24.gxf4 Bxc7 25.Nxc7 Nf6 26.Rcd1 Ne6 27.Bh3 Nxc7 
28.Rd8+ Kg7 29.Rxc8 Rxc8 30.Bxc8 b6 31.Kf2 Ncd5 32.Kf3 Nh5 33.Re4 Nc3 34.
Re7 Nxa2 35.Rxa7 Nb4 36.Be6 1-0

[Event "22nd EUR-ch (w)"]
[Site "Prague CZE"]
[Date "2022.08.30"]
[Round "10.56"]
[White "Sevcikova, Lucia"]
[Black "Orian, Noga"]
[Result "1-0"]
[WhiteElo "2058"]
[BlackElo "1855"]
[EventDate "2022.08.20"]
[PlyCount "83"]

1.d4 d5 2.c4 e6 3.Nc3 Be7 4.cxd5 exd5 5.Bf4 c6 6.Qc2 g6 7.e3 Bf5 8.Qd2 Nf6
9.f3 h5 10.Bd3 Bxd3 11.Qxd3 Na6 12.a3 O-O 13.Nge2 b5 14.O-O Qd7 15.e4 dxe4
16.fxe4 Nc5 17.Qf3 Ne6 18.Rad1 Nxf4 19.Nxf4 Qg4 20.e5 Qxf3 21.Rxf3 Nd7 22.
Ne4 Kh7 23.Rc1 c5 24.Nd5 Rae8 25.Nxe7 Rxe7 26.Nxc5 Nxc5 27.Rxc5 Rd8 28.Rd3
a6 29.Kf2 Kg7 30.Kf3 Rdd7 31.Ke4 f6 32.Rd2 Re6 33.Rdc2 fxe5 34.Rxe5 Rf6 
35.d5 Rf1 36.Rd2 Rc1 37.d6 Rc6 38.Re6 Rc5 39.Rf2 h4 40.Re7+ Rxe7+ 41.dxe7 
Rc1 42.e8=N+ 1-0

[Event "22nd EUR-ch (w)"]
[Site "Prague CZE"]
[Date "2022.08.30"]
[Round "10.57"]
[White "Head, Louise"]
[Black "Markova, Karolina"]
[Result "1-0"]
[WhiteElo "2024"]
[BlackElo "1635"]
[EventDate "2022.08.20"]
[PlyCount "119"]

1.d4 Nf6 2.c4 c5 3.d5 e6 4.Nc3 exd5 5.cxd5 d6 6.e4 g6 7.Nf3 Bg7 8.Be2 O-O 
9.Nd2 Na6 10.O-O Nc7 11.a4 b6 12.Re1 a6 13.Nc4 Rb8 14.Bf4 Nfe8 15.e5 dxe5 
16.Nxe5 Bb7 17.Bf3 Nf6 18.Nc6 Bxc6 19.dxc6 Rc8 20.a5 b5 21.Bd6 Re8 22.Bxc5
Rxe1+ 23.Qxe1 Ne6 24.Bb6 Qe8 25.Qd2 Bf8 26.Nd5 Be7 27.Nxe7+ Qxe7 28.Rd1 
Kg7 29.g3 h6 30.Bg2 Kh7 31.Re1 Qf8 32.Qc2 Qd6 33.Rd1 Qe7 34.h4 Kg7 35.Qc3 
Kh7 36.Qe5 Ng4 37.Qe2 Nf6 38.Rc1 Ne8 39.h5 g5 40.Qe5 Kg8 41.Bd4 N8g7 42.
Bd5 Rc7 43.Re1 Rc8 44.Bxe6 fxe6 45.Qxg7+ Qxg7 46.Bxg7 Kxg7 47.Rxe6 Rc7 48.
Rg6+ Kh7 49.Kf1 Re7 50.Rd6 Kg7 51.b3 Re8 52.Rg6+ Kh7 53.c7 Rc8 54.Rxa6 
Rxc7 55.Rb6 Rc1+ 56.Kg2 Rc5 57.b4 Rd5 58.a6 Rd2 59.Rxb5 Ra2 60.Ra5 1-0

[Event "22nd EUR-ch (w)"]
[Site "Prague CZE"]
[Date "2022.08.30"]
[Round "10.58"]
[White "Hnatyshyn, Anastasiia"]
[Black "Pribylova, Sofie"]
[Result "1-0"]
[WhiteElo "2061"]
[BlackElo "1981"]
[EventDate "2022.08.20"]
[PlyCount "67"]

1.e4 c5 2.Nf3 d6 3.d4 cxd4 4.Nxd4 Nf6 5.Nc3 a6 6.Nb3 e6 7.g4 Nc6 8.g5 Nd7 
9.Be3 Be7 10.Qd2 Qc7 11.O-O-O b5 12.f4 Bb7 13.h4 Na5 14.Nxa5 Qxa5 15.Qd4 
O-O 16.Kb1 b4 17.Ne2 Rfd8 18.Bg2 Rac8 19.Rhf1 d5 20.exd5 Nf8 21.Qb6 Qxb6 
22.Bxb6 Rd7 23.Rd3 exd5 24.Bh3 Rc6 25.Bxd7 Rxb6 26.Bg4 a5 27.f5 a4 28.Re1 
Bc5 29.Bf3 Bf2 30.Rh1 Rd6 31.Nf4 Ba6 32.Rxd5 Rc6 33.Rd8 Rc5 34.Nd5 1-0

[Event "22nd EUR-ch (w)"]
[Site "Prague CZE"]
[Date "2022.08.30"]
[Round "10.59"]
[White "Acarbay, Algi"]
[Black "Shatil, Or"]
[Result "1/2-1/2"]
[WhiteElo "1951"]
[BlackElo "1842"]
[EventDate "2022.08.20"]
[PlyCount "83"]

1.e4 c5 2.Nf3 Nc6 3.Bb5 e6 4.O-O Nge7 5.Re1 Nd4 6.Nxd4 cxd4 7.c3 a6 8.Bf1 
Nc6 9.cxd4 Nxd4 10.Nc3 Bc5 11.a3 O-O 12.d3 d6 13.Be3 e5 14.Ne2 Bg4 15.h3 
Bh5 16.Bxd4 Bxe2 17.Bxe2 Bxd4 18.Qb3 Qh4 19.Rf1 Kh8 20.Rac1 f5 21.exf5 
Rxf5 22.Qxb7 Rxf2 23.Rxf2 Qxf2+ 24.Kh1 Rg8 25.Qf3 Qxf3 26.Bxf3 Bxb2 27.Rc6
Bxa3 28.Rxa6 Bc5 29.Kh2 g6 30.Rc6 Rd8 31.Rc7 Bd4 32.Bd5 Bc5 33.h4 Be3 34.
Kh3 h6 35.Kg4 Rf8 36.g3 h5+ 37.Kh3 g5 38.hxg5 Bxg5 39.Be4 Kg8 40.Bd5+ Kh8 
41.Rd7 Rf6 42.Rb7 1/2-1/2

[Event "22nd EUR-ch (w)"]
[Site "Prague CZE"]
[Date "2022.08.30"]
[Round "10.60"]
[White "Koubova, Anna Marie"]
[Black "Kordzadze, Nino"]
[Result "1-0"]
[WhiteElo "2122"]
[BlackElo "1993"]
[EventDate "2022.08.20"]
[PlyCount "77"]

1.d4 e6 2.c4 f5 3.g3 Nf6 4.Bg2 Be7 5.Nf3 d6 6.O-O O-O 7.Nc3 a5 8.Qc2 Nc6 
9.a3 e5 10.d5 Nb8 11.Ng5 Ng4 12.Ne6 Bxe6 13.dxe6 c6 14.h3 Nh6 15.Qb3 Na6 
16.Qxb7 Nc5 17.Qxc6 Rc8 18.Qd5 Qb6 19.Nb5 a4 20.Bxh6 gxh6 21.Rad1 Rf6 22.
Qd2 e4 23.Qb4 Rd8 24.Nc3 Qxb4 25.axb4 Nxe6 26.Nxa4 Rg6 27.Nb6 Bf6 28.b3 
Nd4 29.e3 Nxb3 30.Rd5 Be5 31.Rb1 Rb8 32.c5 Na1 33.Nd7 Ra8 34.Nxe5 dxe5 35.
Rxe5 Nc2 36.Rxf5 Nxe3 37.fxe3 Rxg3 38.Kf2 Rg7 39.Bxe4 1-0

[Event "22nd EUR-ch (w)"]
[Site "Prague CZE"]
[Date "2022.08.30"]
[Round "10.61"]
[White "Kochavi, Dana"]
[Black "Soares, Sara Joana de Moura pe"]
[Result "1/2-1/2"]
[WhiteElo "1894"]
[BlackElo "1648"]
[EventDate "2022.08.20"]
[PlyCount "97"]

1.e4 d5 2.exd5 Nf6 3.Bc4 Nxd5 4.d4 e6 5.Nf3 Be7 6.O-O O-O 7.c3 Nd7 8.Bb3 
c5 9.Bc2 N7f6 10.dxc5 Bxc5 11.b4 Be7 12.a3 Qc7 13.Qe1 b5 14.Nd4 Bd7 15.Bd2
Rfc8 16.a4 bxa4 17.Bxa4 Bxa4 18.Rxa4 Qd7 19.b5 Nb6 20.Ra1 Rc5 21.Na3 Rd5 
22.Bc1 Bxa3 23.Rxa3 e5 24.Nc6 Rxb5 25.Nxe5 Qe7 26.Nc6 Qc7 27.Nd4 Rh5 28.h3
Ng4 29.f4 Nf6 30.Qd1 Rc5 31.Qf3 Rc8 32.Ne2 Nfd5 33.Rd1 h6 34.Rd3 Rc4 35.
Rxd5 Nxd5 36.Qxd5 Rd8 37.Qf3 Rd1+ 38.Kh2 Qc5 39.Ra2 Qb6 40.Be3 Qb1 41.Rxa7
Rh1+ 42.Kg3 Qe1+ 43.Bf2 Qb1 44.Rb7 Qg6+ 45.Qg4 Qd3+ 46.Qf3 Qg6+ 47.Qg4 
Qd3+ 48.Qf3 Qg6+ 49.Qg4 1/2-1/2

[Event "22nd EUR-ch (w)"]
[Site "Prague CZE"]
[Date "2022.08.31"]
[Round "11.2"]
[White "Mammadzada, Gunay"]
[Black "Malcewska, Aleksandra"]
[Result "1/2-1/2"]
[WhiteElo "2466"]
[BlackElo "2360"]
[EventDate "2022.08.20"]
[PlyCount "86"]

1.e4 e5 2.Nf3 Nc6 3.Bb5 a6 4.Ba4 Bc5 5.c3 Nge7 6.O-O Ng6 7.d4 Ba7 8.Bg5 f6
9.Be3 O-O 10.Nbd2 d6 11.Re1 Kh8 12.h3 exd4 13.cxd4 Nce7 14.Bc2 c6 15.Nf1 
f5 16.d5 fxe4 17.Bxe4 cxd5 18.Bxg6 Nxg6 19.Qxd5 Nf4 20.Qg5 Bxe3 21.Rxe3 
Rf6 22.Qh4 Bd7 23.Ng3 Qf8 24.Rae1 Bc6 25.Ne4 Bxe4 26.Rxe4 Nxg2 27.Kxg2 
Rxf3 28.Re7 Rf6 29.Qd4 Rc8 30.R7e6 Rf5 31.R1e2 Rg5+ 32.Kh2 d5 33.b3 h5 34.
R6e5 Rxe5 35.Rxe5 Qf3 36.Re7 Qf8 37.Re5 Qf7 38.Rxd5 Rf8 39.a4 Qxf2+ 40.
Qxf2 Rxf2+ 41.Kg3 Rc2 42.Rxh5+ Kg8 43.Rf5 Rc3+ 1/2-1/2

[Event "22nd EUR-ch (w)"]
[Site "Prague CZE"]
[Date "2022.08.31"]
[Round "11.3"]
[White "Bulmaga, Irina"]
[Black "Danielian, Elina"]
[Result "1-0"]
[WhiteElo "2403"]
[BlackElo "2441"]
[EventDate "2022.08.20"]
[PlyCount "63"]

1.e4 e6 2.d4 d5 3.Nc3 Nf6 4.Bg5 Bb4 5.e5 h6 6.Bc1 Ne4 7.Qg4 Kf8 8.a3 Bxc3+
9.bxc3 c5 10.Bd3 cxd4 11.Ne2 dxc3 12.Bxe4 dxe4 13.O-O Nc6 14.Nxc3 Qc7 15.
Bf4 Nd4 16.Nxe4 Bd7 17.Be3 h5 18.Qg5 Qxc2 19.Rfd1 Ne2+ 20.Kf1 Qxe4 21.Rxd7
Kg8 22.Kxe2 Qc4+ 23.Rd3 Rh6 24.Rc1 Qb5 25.Rc5 Qa6 26.Qe7 Rg6 27.g3 b6 28.
Rc7 Kh7 29.Qb4 Rg4 30.f4 Kg8 31.Qc4 Qa5 32.Bd2 1-0

[Event "22nd EUR-ch (w)"]
[Site "Prague CZE"]
[Date "2022.08.31"]
[Round "11.4"]
[White "Roebers, Eline"]
[Black "Ushenina, Anna"]
[Result "1/2-1/2"]
[WhiteElo "2324"]
[BlackElo "2423"]
[EventDate "2022.08.20"]
[PlyCount "59"]

1.e4 e5 2.Nf3 Nf6 3.Nxe5 d6 4.Nf3 Nxe4 5.d4 d5 6.Bd3 Be7 7.O-O Nd6 8.Re1 
O-O 9.Nbd2 Bf5 10.Nf1 Bxd3 11.Qxd3 Nd7 12.Bf4 Re8 13.Qb3 Nb6 14.a4 a5 15.
Ne3 Ne4 16.Ne5 Bg5 17.Bxg5 Nxg5 18.Nd3 Ne6 19.c3 c6 20.Re2 Qc7 21.Rae1 Nd7
22.Ng4 h5 23.Nge5 Ndf8 24.Re3 f6 25.Nf3 g6 26.Qa3 Kf7 27.b3 Ng7 28.Qc1 Nf5
29.Rxe8 Rxe8 30.Rxe8 1/2-1/2

[Event "22nd EUR-ch (w)"]
[Site "Prague CZE"]
[Date "2022.08.31"]
[Round "11.5"]
[White "Fataliyeva, Ulviyya"]
[Black "Mammadova, Gulnar"]
[Result "1-0"]
[WhiteElo "2413"]
[BlackElo "2380"]
[EventDate "2022.08.20"]
[PlyCount "111"]

1.d4 d5 2.Nf3 c6 3.c4 e6 4.cxd5 exd5 5.Qc2 Bd6 6.Bg5 Ne7 7.e3 Bf5 8.Bd3 
Bxd3 9.Qxd3 O-O 10.Nc3 Nd7 11.h4 f6 12.Bf4 Bxf4 13.exf4 Nc8 14.Kf1 Nd6 15.
h5 Re8 16.Nh4 Nf8 17.f5 h6 18.Rh3 Qd7 19.g4 b5 20.Ng2 a5 21.a4 b4 22.Ne2 
Re4 23.Ngf4 Rae8 24.Rc1 Nh7 25.Rg3 Nb7 26.Ne6 Ng5 27.f3 R4xe6 28.fxe6 Nxe6
29.Rd1 Qc7 30.Rg2 Ng5 31.Ng3 Rd8 32.Re1 Qf4 33.Qe3 Qxf3+ 34.Qxf3 Nxf3 35.
Re7 Nd6 36.Nf5 Kf8 37.Rc7 Nc4 38.Re2 Nfd2+ 39.Kg2 Ne4 40.Nxg7 Rd6 41.Nf5 
Re6 42.Rc8+ Kf7 43.Nxh6+ Kg7 44.Nf5+ Kh7 45.Rc7+ Kh8 46.h6 b3 47.Nh4 f5 
48.g5 f4 49.g6 Re8 50.g7+ Kg8 51.Nf5 Kh7 52.Re7 Rc8 53.Kf3 Nf6 54.g8=Q+ 
Kxg8 55.Rg7+ Kf8 56.Ne7 1-0

[Event "22nd EUR-ch (w)"]
[Site "Prague CZE"]
[Date "2022.08.31"]
[Round "11.6"]
[White "Javakhishvili, Lela"]
[Black "Gaponenko, Inna"]
[Result "1-0"]
[WhiteElo "2476"]
[BlackElo "2339"]
[EventDate "2022.08.20"]
[PlyCount "85"]

1.c4 e5 2.g3 Nf6 3.Bg2 d5 4.cxd5 Nxd5 5.Nc3 Nb6 6.Nf3 Nc6 7.O-O Be7 8.b3 
O-O 9.Bb2 Re8 10.Rc1 Bf8 11.Ne4 f5 12.Nc3 e4 13.Ne1 Ne5 14.d3 exd3 15.exd3
f4 16.d4 Ng6 17.d5 a6 18.Nc2 Nd7 19.Qd2 Nde5 20.gxf4 Ng4 21.Nd4 Bd6 22.
Nce2 Qh4 23.h3 Nf6 24.f5 Nf4 25.Nxf4 Bxf4 26.Qd3 Bxc1 27.Rxc1 Nh5 28.Qf3 
Bd7 29.Qg4 Qxg4 30.hxg4 Nf4 31.Rxc7 Re1+ 32.Kh2 Rb1 33.Ba3 Be8 34.Ne6 Nxg2
35.Rxg7+ Kh8 36.Kxg2 Rc8 37.Re7 Kg8 38.Rg7+ Kh8 39.f6 Bg6 40.Rxg6 hxg6 41.
f7 Rd1 42.d6 a5 43.d7 1-0

[Event "22nd EUR-ch (w)"]
[Site "Prague CZE"]
[Date "2022.08.31"]
[Round "11.7"]
[White "Beydullayeva, Govhar"]
[Black "Dzagnidze, Nana"]
[Result "1/2-1/2"]
[WhiteElo "2339"]
[BlackElo "2531"]
[EventDate "2022.08.20"]
[PlyCount "96"]

1.d4 Nf6 2.c4 e6 3.Nf3 b6 4.g3 Bb7 5.Bg2 Be7 6.O-O O-O 7.Nc3 Ne4 8.Bd2 d6 
9.Qc2 Nxd2 10.Nxd2 Bxg2 11.Kxg2 Nd7 12.Rad1 c5 13.Nf3 Qc7 14.b3 a6 15.Qe4 
Bf6 16.Rc1 g6 17.Rfd1 Bg7 18.h4 Rad8 19.dxc5 Nxc5 20.Qf4 h6 21.Ne4 f5 22.
Nxc5 bxc5 23.Rc2 Rf7 24.Rcd2 e5 25.Qe3 e4 26.Ng1 Kh7 27.Nh3 Bd4 28.Rxd4 
cxd4 29.Qxd4 Qa7 30.Qb2 Qe7 31.Nf4 Qf6 32.Qa3 g5 33.hxg5 hxg5 34.Rh1+ Kg8 
35.Nd5 Qg7 36.Qa5 Rdf8 37.Qc3 f4 38.Qxg7+ Kxg7 39.gxf4 gxf4 40.f3 e3 41.
Rh4 Rf5 42.Kh3 R8f7 43.Rg4+ Kh6 44.b4 Rh5+ 45.Kg2 Rg5 46.Kh3 Rh5+ 47.Kg2 
Rg5 48.Kh3 Rh5+ 1/2-1/2

[Event "22nd EUR-ch (w)"]
[Site "Prague CZE"]
[Date "2022.08.31"]
[Round "11.8"]
[White "Mkrtchian, Mariam"]
[Black "Salimova, Nurgyul"]
[Result "0-1"]
[WhiteElo "2285"]
[BlackElo "2404"]
[EventDate "2022.08.20"]
[PlyCount "76"]

1.d4 Nf6 2.c4 e6 3.Nf3 d5 4.g3 Be7 5.Bg2 O-O 6.O-O c6 7.Nc3 b6 8.Nd2 b5 9.
b3 Ba6 10.Bb2 Nbd7 11.Re1 bxc4 12.bxc4 Rb8 13.Rb1 dxc4 14.Bxc6 Nb6 15.e4 
Rc8 16.d5 Bc5 17.Nf1 h5 18.Kg2 Ng4 19.f4 f5 20.Qe2 Rc7 21.Rbd1 Qc8 22.Nb5 
c3 23.Bxc3 Rxc6 24.dxc6 Qxc6 25.Rb1 fxe4 26.Nd2 Nd5 27.Qxe4 Nde3+ 28.Kf3 
Nxh2+ 29.Kf2 Nhg4+ 30.Kf3 Bxb5 31.Rxb5 Qxb5 32.Qxe6+ Rf7 33.Qc8+ Kh7 34.
Rh1 Nf5 35.Rxh5+ Ngh6 36.Qe6 Qd3+ 37.Kg2 Qxg3+ 38.Kf1 Qf2# 0-1

[Event "22nd EUR-ch (w)"]
[Site "Prague CZE"]
[Date "2022.08.31"]
[Round "11.9"]
[White "Sargsian, Anna M."]
[Black "Milliet, Sophie"]
[Result "1-0"]
[WhiteElo "2378"]
[BlackElo "2391"]
[EventDate "2022.08.20"]
[PlyCount "83"]

1.e4 e5 2.Nf3 Nc6 3.Bc4 Nf6 4.d3 Bc5 5.c3 d6 6.Nbd2 O-O 7.O-O a5 8.a4 Be6 
9.h3 h6 10.Re1 Re8 11.Bb5 Nd7 12.Nf1 d5 13.Ng3 d4 14.Qe2 Qe7 15.Bd2 Red8 
16.Rac1 Bb6 17.cxd4 exd4 18.Nh2 Nc5 19.f4 Nb3 20.Bxc6 Nxd2 21.Qxd2 bxc6 
22.f5 Bb3 23.e5 Qg5 24.Qf2 Bd5 25.Rc2 Qh4 26.f6 g6 27.Rce2 Re8 28.Re4 Bxe4
29.Rxe4 Qg5 30.h4 Qc1+ 31.Re1 Qc5 32.Ng4 Kh7 33.h5 Rg8 34.Qf4 Qf8 35.e6 
gxh5 36.e7 Rxg4 37.exf8=Q Rxf8 38.Qf5+ Kh8 39.Qxh5 Rxg3 40.Qxh6+ Kg8 41.
Re5 Rd8 42.Rh5 1-0

[Event "22nd EUR-ch (w)"]
[Site "Prague CZE"]
[Date "2022.08.31"]
[Round "11.10"]
[White "Injac, Teodora"]
[Black "Gevorgian, Maria"]
[Result "1-0"]
[WhiteElo "2389"]
[BlackElo "2216"]
[EventDate "2022.08.20"]
[PlyCount "141"]

1.d4 Nf6 2.c4 g6 3.Nc3 Bg7 4.e4 d6 5.Be2 O-O 6.Nf3 c5 7.O-O cxd4 8.Nxd4 
Nc6 9.Be3 Bd7 10.Qd2 Nxd4 11.Bxd4 Bc6 12.f3 a5 13.b3 Nd7 14.Be3 Nc5 15.
Rac1 Qb6 16.Nd5 Bxd5 17.cxd5 Qb4 18.Rfd1 Rfc8 19.Rc2 Nd7 20.Rdc1 Rxc2 21.
Rxc2 Qxd2 22.Bxd2 Bd4+ 23.Kf1 Bc5 24.Bb5 Nf6 25.Ke2 e6 26.dxe6 fxe6 27.Be3
b6 28.Bxc5 bxc5 29.e5 dxe5 30.Rxc5 Nd5 31.a4 Kf7 32.Bc4 Nf4+ 33.Ke3 Nxg2+ 
34.Ke4 Kf6 35.Rxe5 h5 36.f4 Kg7 37.Rxe6 Rf8 38.Re7+ Kh6 39.Rf7 Re8+ 40.Kd4
h4 41.f5 g5 42.Rf6+ Kh7 43.Re6 Rd8+ 44.Ke5 Nf4 45.Ra6 Rd2 46.f6 Rxh2 47.f7
Kg7 48.Kf5 Rf2 49.Kxg5 h3 50.Rf6 Ne6+ 51.Rxe6 Rg2+ 52.Kf4 h2 53.f8=Q+ Kxf8
54.Rh6 Kg7 55.Rh3 Kf6 56.Kf3 Rc2 57.Kg3 Kg5 58.Rxh2 Rc3+ 59.Kg2 Rc2+ 60.
Kg1 Rc1+ 61.Bf1 Kf4 62.Rh5 Rb1 63.Rxa5 Rxb3 64.Ra8 Kf3 65.a5 Rb4 66.Rf8+ 
Ke3 67.a6 Ra4 68.Rf7 Ra1 69.Kh2 Kd4 70.a7 Kc5 71.Bg2 1-0

[Event "22nd EUR-ch (w)"]
[Site "Prague CZE"]
[Date "2022.08.31"]
[Round "11.11"]
[White "Batsiashvili, Nino"]
[Black "Brunello, Marina"]
[Result "0-1"]
[WhiteElo "2466"]
[BlackElo "2341"]
[EventDate "2022.08.20"]
[PlyCount "88"]

1.d4 d5 2.c4 c6 3.Nf3 Nf6 4.g3 g6 5.Bg2 Bg7 6.O-O O-O 7.a4 a5 8.Nc3 Na6 9.
Ne5 Nb4 10.cxd5 Nfxd5 11.f4 Nb6 12.Be3 f6 13.Nf3 Nc4 14.Bf2 Be6 15.b3 Nd6 
16.e4 Qd7 17.Re1 Rad8 18.Rb1 Bg4 19.Rb2 Ne8 20.Rd2 Nc7 21.Qb1 Qc8 22.Be3 
e5 23.Nd1 exf4 24.Bxf4 Ne6 25.Be3 f5 26.d5 cxd5 27.exd5 Rxd5 28.Rxd5 Nxd5 
29.Bf2 Rd8 30.Ne5 Ng5 31.Nxg4 fxg4 32.Qd3 Nc3 33.Qe3 Nh3+ 34.Bxh3 Nxd1 35.
Rxd1 Rxd1+ 36.Bf1 h5 37.Qe2 Qd8 38.Qb5 Bd4 39.Kg2 Bxf2 40.Bc4+ Kf8 41.Qxb7
Rg1+ 42.Kxf2 Qd4+ 43.Ke2 Qd1+ 44.Ke3 Re1+ 0-1

[Event "22nd EUR-ch (w)"]
[Site "Prague CZE"]
[Date "2022.08.31"]
[Round "11.13"]
[White "Paramzina, Anastasya"]
[Black "Tsolakidou, Stavroula"]
[Result "1-0"]
[WhiteElo "2216"]
[BlackElo "2388"]
[EventDate "2022.08.20"]
[PlyCount "69"]

1.e4 c5 2.Nf3 d6 3.d4 cxd4 4.Nxd4 Nf6 5.Nc3 a6 6.Be3 e5 7.Nb3 Be6 8.f3 Be7
9.Qd2 h5 10.O-O-O Nbd7 11.Nd5 Nxd5 12.exd5 Bf5 13.Kb1 O-O 14.Bd3 Bxd3 15.
Qxd3 Bg5 16.Bf2 Rc8 17.h4 Bf4 18.g3 Bh6 19.g4 Bf4 20.Be3 Bxe3 21.Qxe3 Qf6 
22.gxh5 Qf5 23.h6 Qxc2+ 24.Ka1 g6 25.h5 Qf5 26.h7+ Kh8 27.Rdg1 g5 28.Rxg5 
Qxh7 29.h6 Nf6 30.Qb6 Nxd5 31.Qxd6 Rcd8 32.Qc5 Qd3 33.h7 f6 34.Rg2 Qxf3 
35.Qg1 1-0

[Event "22nd EUR-ch (w)"]
[Site "Prague CZE"]
[Date "2022.08.31"]
[Round "11.14"]
[White "Kiolbasa, Oliwia"]
[Black "Papp, Sarah"]
[Result "1/2-1/2"]
[WhiteElo "2383"]
[BlackElo "2290"]
[EventDate "2022.08.20"]
[PlyCount "101"]

1.e4 c6 2.d4 d5 3.e5 Bf5 4.h4 h5 5.c4 e6 6.Nc3 dxc4 7.Bxc4 Nd7 8.Nge2 Be7 
9.Ng3 Bg6 10.Be2 Qb6 11.Bf4 O-O-O 12.Qd2 Nh6 13.a3 f6 14.Na4 Qb3 15.exf6 
Nxf6 16.Qa5 Nd5 17.Be5 Nf7 18.Qxa7 Nxe5 19.dxe5 Kc7 20.Qa5+ Nb6 21.Qxb6+ 
Qxb6 22.Nxb6 Kxb6 23.Rd1 Rxd1+ 24.Bxd1 Kc5 25.Ne2 Bf5 26.Nf4 g6 27.Bb3 Kd4
28.Nxe6+ Kxe5 29.f4+ Kf6 30.Nd4 Be4 31.Bc2 Bxc2 32.Nxc2 Kf5 33.Nd4+ Ke4 
34.Nf3 Kxf4 35.O-O Kg3 36.Ne5 Bc5+ 37.Kh1 Bf2 38.Nxg6 Re8 39.Nf4 Kxf4 40.
Rxf2+ Kg3 41.Rf3+ Kxh4 42.Rf7 b5 43.Rg7 Re2 44.b3 c5 45.Kh2 c4 46.bxc4 
bxc4 47.a4 c3 48.a5 c2 49.Rc7 Re5 50.a6 Ra5 51.Rxc2 1/2-1/2

[Event "22nd EUR-ch (w)"]
[Site "Prague CZE"]
[Date "2022.08.31"]
[Round "11.15"]
[White "Balajayeva, Khanim"]
[Black "Sliwicka, Alicja"]
[Result "1-0"]
[WhiteElo "2344"]
[BlackElo "2260"]
[EventDate "2022.08.20"]
[PlyCount "117"]

1.e4 e5 2.Nf3 Nc6 3.Bc4 Nf6 4.d3 h6 5.O-O d6 6.c3 g5 7.Nbd2 Bg7 8.Bb3 O-O 
9.Nc4 Be6 10.Re1 g4 11.Nfd2 d5 12.Ne3 d4 13.cxd4 exd4 14.Nef1 Ne5 15.Nc4 
Ng6 16.Ng3 Qd7 17.a4 b6 18.Bd2 Rfe8 19.Rc1 a6 20.Qc2 Bf8 21.Na3 Rec8 22.
Bxe6 fxe6 23.e5 Nd5 24.Qd1 Qg7 25.Nh5 Qf7 26.Qxg4 Qf5 27.Qxf5 exf5 28.Nc2 
c5 29.Na3 Kf7 30.f4 Ke6 31.h3 b5 32.axb5 axb5 33.g4 Nh4 34.gxf5+ Nxf5 35.
Nxb5 Rab8 36.Na3 Rb3 37.Nc4 Rxd3 38.Ra1 Be7 39.Ra6+ Kf7 40.e6+ Kg8 41.Re5 
Nc7 42.Rc6 Nh4 43.Kf1 Rf3+ 44.Ke2 d3+ 45.Kd1 Ng2 46.Ne3 Ra8 47.Rxc7 Ra1+ 
48.Bc1 Nxe3+ 49.Rxe3 Rf1+ 50.Kd2 Raxc1 51.Rg3+ Kf8 52.Rc8+ Bd8 53.Rxd8+ 
Ke7 54.Rg7+ Kxe6 55.f5+ Ke5 56.Re7+ Kxf5 57.Ng3+ Kf6 58.Nxf1 Rxf1 59.Rf8+ 
1-0

[Event "22nd EUR-ch (w)"]
[Site "Prague CZE"]
[Date "2022.08.31"]
[Round "11.16"]
[White "Rodshtein, Tereza"]
[Black "Heinemann, Josefine"]
[Result "1/2-1/2"]
[WhiteElo "2154"]
[BlackElo "2321"]
[EventDate "2022.08.20"]
[PlyCount "70"]

1.e4 c5 2.Nf3 d6 3.d4 cxd4 4.Nxd4 Nf6 5.Nc3 a6 6.g3 e5 7.Nde2 Be7 8.Bg2 b5
9.Nd5 Nxd5 10.Qxd5 Ra7 11.Be3 Rb7 12.O-O Nd7 13.h3 O-O 14.Qd2 Nf6 15.Nc3 
Be6 16.Nd5 Nxd5 17.exd5 Bf5 18.c3 Qd7 19.Kh2 Rc8 20.Rfc1 Bd8 21.Bf1 Rcb8 
22.b3 Be4 23.c4 Qf5 24.Be2 Bf3 25.Bxf3 Qxf3 26.c5 dxc5 27.Rxc5 Bb6 28.Rc6 
Bxe3 29.Qxe3 Qxd5 30.Rc5 Qd4 31.Rxe5 Qxe3 32.Rxe3 g6 33.Rc1 Rd8 34.Kg2 Rb6
35.Rf3 Rd7 1/2-1/2

[Event "22nd EUR-ch (w)"]
[Site "Prague CZE"]
[Date "2022.08.31"]
[Round "11.17"]
[White "Lazarne Vajda, Szidonia"]
[Black "Rapport, Jovana"]
[Result "1/2-1/2"]
[WhiteElo "2313"]
[BlackElo "2294"]
[EventDate "2022.08.20"]
[PlyCount "89"]

1.e4 e6 2.d4 d5 3.Nd2 c5 4.exd5 exd5 5.Ngf3 Nc6 6.Be2 cxd4 7.O-O Bd6 8.Nb3
Nf6 9.Nbxd4 O-O 10.Bg5 h6 11.Bh4 Re8 12.Bg3 Bc5 13.Nb3 Bb6 14.c4 dxc4 15.
Qxd8 Rxd8 16.Bxc4 Ne4 17.Rfe1 Bf5 18.Rad1 Rxd1 19.Rxd1 g5 20.Nbd2 Rd8 21.
Bb3 Nxg3 22.hxg3 Na5 23.Ba4 Be6 24.b4 Nc6 25.a3 g4 26.Ne1 a5 27.Ne4 axb4 
28.Rxd8+ Bxd8 29.Bxc6 bxc6 30.axb4 Kg7 31.Nd3 Be7 32.f3 Bc4 33.Ndc5 gxf3 
34.gxf3 f5 35.Nd2 Bb5 36.f4 Bf6 37.Nb1 Bd4+ 38.Kg2 Kf7 39.Nb3 Bb6 40.Nc3 
Ke6 41.Kf3 h5 42.Nc5+ Kd6 43.Nb7+ Ke7 44.Nc5 Kd6 45.Nb7+ 1/2-1/2

[Event "22nd EUR-ch (w)"]
[Site "Prague CZE"]
[Date "2022.08.31"]
[Round "11.18"]
[White "Zawadzka, Jolanta"]
[Black "Hajiyeva, Laman"]
[Result "1/2-1/2"]
[WhiteElo "2412"]
[BlackElo "2042"]
[EventDate "2022.08.20"]
[PlyCount "149"]

1.e4 c6 2.Nc3 d5 3.Nf3 dxe4 4.Nxe4 Nf6 5.Qe2 Nxe4 6.Qxe4 Qd5 7.Qf4 Qf5 8.
d3 Qxf4 9.Bxf4 Nd7 10.O-O-O Nf6 11.Be2 a5 12.Rhe1 a4 13.a3 e6 14.Ne5 Be7 
15.Bf3 O-O 16.c4 Nd7 17.Nxd7 Bxd7 18.d4 Ra6 19.Kb1 b5 20.Rc1 b4 21.c5 Bf6 
22.Rc4 bxa3 23.bxa3 e5 24.Bxe5 Bg5 25.Kc2 Re8 26.Re2 Bf5+ 27.Kc3 Bd8 28.
Bd6 Rxe2 29.Bxe2 Ba5+ 30.Kb2 Ra7 31.Rxa4 Rb7+ 32.Rb4 Bxb4 33.axb4 Rxb4+ 
34.Kc3 Ra4 35.Bf3 Bd7 36.d5 cxd5 37.Bxd5 Be6 38.Kb3 Ra7 39.Kc4 Ra2 40.Bxe6
fxe6 41.Kb5 Kf7 42.Bg3 e5 43.Bxe5 Rxf2 44.g4 g5 45.c6 Ke6 46.Bg3 Rb2+ 47.
Kc5 Rb1 48.c7 Kd7 49.Kd5 Rb4 50.Ke5 Rxg4 51.Kf5 h5 52.Be5 Rg2 53.Ke4 h4 
54.Kf3 Rg1 55.h3 Re1 56.Bh2 Rh1 57.Kg2 Rd1 58.Kf3 Rd5 59.Kg4 Rd3 60.Be5 
Re3 61.Bf6 Rg3+ 62.Kh5 Rxh3 63.Bxg5 Kxc7 64.Bxh4 Kd6 65.Kg4 Rb3 66.Bg3+ 
Kd5 67.Kf4 Ra3 68.Bf2 Ke6 69.Ke4 Ra4+ 70.Bd4 Rb4 71.Ke3 Kd5 72.Bg7 Rg4 73.
Bf6 Rg6 74.Bb2 Rb6 75.Bg7 1/2-1/2

[Event "22nd EUR-ch (w)"]
[Site "Prague CZE"]
[Date "2022.08.31"]
[Round "11.19"]
[White "Krasteva, Beloslava"]
[Black "Melia, Salome"]
[Result "0-1"]
[WhiteElo "2269"]
[BlackElo "2384"]
[EventDate "2022.08.20"]
[PlyCount "66"]

1.d4 Nf6 2.c4 e6 3.Nc3 Bb4 4.f3 O-O 5.a3 Bxc3+ 6.bxc3 d6 7.e4 c5 8.Bd3 Nc6
9.Ne2 Ne8 10.O-O b6 11.f4 f5 12.d5 Na5 13.Ng3 g6 14.dxe6 Bxe6 15.exf5 gxf5
16.Bxf5 Bxc4 17.Qg4+ Ng7 18.Nh5 Qe7 19.Bb2 Qf7 20.Nxg7 Qxg7 21.Qh3 Rae8 
22.Rf3 Kh8 23.Rg3 Qe7 24.Bg6 Nb3 25.Bxe8 Nxa1 26.Re3 Rxf4 27.g4 Rxg4+ 28.
Kf2 Rf4+ 29.Kg1 Rf1+ 30.Kg2 Qb7+ 31.Rf3 Nc2 32.Bh5 Ne1+ 33.Kg3 Rxf3+ 0-1